| 000 | 00674nam a2200217 a 4500 | ||
|---|---|---|---|
| 005 | 20241031063721.0 | ||
| 008 | 040218s1993 ag r 000 0 spa d | ||
| 020 | _a9506180024 | ||
| 035 | _aUPN01000131985 | ||
| 049 | _aF | ||
| 050 | 4 |
_aHQ56 _bH4.3 1993 |
|
| 100 | 1 |
_aHegeler, Sten, _d1923- _942918 |
|
| 245 | 1 | 0 |
_aEducación sexual infantil : _bpequeña guía ilustrada / _cSten Hegeler ; tr. Rosa Beatriz Fuksman. |
| 250 | _a12a ed. | ||
| 260 |
_aBuenos Aires : _bLumen-Hormé, _c1993. |
||
| 300 |
_a42 p. : _bil. |
||
| 440 | 0 | _aEducación sexual | |
| 534 |
_pTítulo original: _tPeter and Caroline |
||
| 650 | 2 |
_aEducacion sexual para niños _93578 |
|
| 905 | _aLibro | ||
| 999 |
_c104140 _d104140 |
||